<?xml version="1.0" encoding="UTF-8"?>
<record
    xmlns:xsi="http://www.w3.org/2001/XMLSchema-instance"
    xsi:schemaLocation="http://www.loc.gov/MARC21/slim http://www.loc.gov/standards/marcxml/schema/MARC21slim.xsd"
    xmlns="http://www.loc.gov/MARC21/slim">

  <leader>00749nam a22001817a 4500</leader>
  <controlfield tag="005">20230912115737.0</controlfield>
  <datafield tag="010" ind1=" " ind2=" ">
    <subfield code="a">HIN-125905</subfield>
  </datafield>
  <datafield tag="020" ind1=" " ind2=" ">
    <subfield code="a">9788193674994</subfield>
    <subfield code="c">495.00</subfield>
  </datafield>
  <datafield tag="035" ind1=" " ind2=" ">
    <subfield code="a">HN-98251</subfield>
  </datafield>
  <datafield tag="082" ind1=" " ind2=" ">
    <subfield code="a">370</subfield>
  </datafield>
  <datafield tag="100" ind1=" " ind2=" ">
    <subfield code="a">&#x92E;&#x947;&#x939;&#x924;&#x93E;,&#x906;&#x932;&#x94B;&#x915;</subfield>
    <subfield code="9">56357</subfield>
  </datafield>
  <datafield tag="245" ind1=" " ind2=" ">
    <subfield code="a">&#x936;&#x93F;&#x915;&#x94D;&#x937;&#x93E; &#x915;&#x940; &#x928;&#x935; &#x915;&#x94D;&#x930;&#x93E;&#x928;&#x94D;&#x924;&#x93F; &#x915;&#x93E; &#x936;&#x902;&#x916;&#x928;&#x93E;&#x926; /</subfield>
    <subfield code="c">&#x906;&#x932;&#x94B;&#x915; &#x92E;&#x947;&#x939;&#x924;&#x93E;</subfield>
  </datafield>
  <datafield tag="260" ind1=" " ind2=" ">
    <subfield code="b">&#x938;&#x93E;&#x92E;&#x92F;&#x93F;&#x915; &#x92C;&#x941;&#x915;&#x94D;&#x938;</subfield>
    <subfield code="c">2022</subfield>
    <subfield code="a">&#x926;&#x93F;&#x932;&#x94D;&#x932;&#x940;</subfield>
  </datafield>
  <datafield tag="270" ind1=" " ind2=" ">
    <subfield code="a">3320-21,&#x91C;&#x91F;&#x935;&#x93E;&#x921;&#x93E;,&#x926;&#x930;&#x92F;&#x93E;&#x917;&#x902;&#x91C;,</subfield>
    <subfield code="b">&#x928;&#x908; &#x926;&#x93F;&#x932;&#x94D;&#x932;&#x940;</subfield>
    <subfield code="e">110002</subfield>
  </datafield>
  <datafield tag="300" ind1=" " ind2=" ">
    <subfield code="a">191 &#x92A;&#x943;.</subfield>
    <subfield code="c">23 &#x938;&#x947;&#x92E;&#x940;.(&#x938;&#x91C;&#x93F;&#x932;&#x94D;&#x926;)</subfield>
  </datafield>
  <datafield tag="700" ind1=" " ind2=" ">
    <subfield code="a">&#x906;&#x917;&#x94D;&#x930;&#x935;&#x93E;&#x932;,&#x926;&#x940;&#x92A;&#x915;</subfield>
    <subfield code="9">55805</subfield>
  </datafield>
  <datafield tag="942" ind1=" " ind2=" ">
    <subfield code="2">ddc</subfield>
    <subfield code="c">HN</subfield>
    <subfield code="h">370</subfield>
    <subfield code="m">&#x92E;&#x947;&#x939;&#x924;&#x93E;</subfield>
  </datafield>
  <datafield tag="999" ind1=" " ind2=" ">
    <subfield code="c">198011</subfield>
    <subfield code="d">198011</subfield>
  </datafield>
  <datafield tag="952" ind1=" " ind2=" ">
    <subfield code="0">0</subfield>
    <subfield code="1">0</subfield>
    <subfield code="4">0</subfield>
    <subfield code="7">0</subfield>
    <subfield code="8">NFIC</subfield>
    <subfield code="a">DBAD</subfield>
    <subfield code="b">M</subfield>
    <subfield code="d">2023-09-12</subfield>
    <subfield code="e">DBAD/PUB</subfield>
    <subfield code="g">495.00</subfield>
    <subfield code="l">0</subfield>
    <subfield code="o">370 &#x92E;&#x947;&#x939;&#x924;&#x93E;</subfield>
    <subfield code="p">HN-98251</subfield>
    <subfield code="r">2023-09-12 00:00:00</subfield>
    <subfield code="t">1</subfield>
    <subfield code="v">495.00</subfield>
    <subfield code="w">2023-09-12</subfield>
    <subfield code="y">HN</subfield>
  </datafield>
</record>
